| 000 | 01619cam a2200385 i 4500 | ||
|---|---|---|---|
| 001 | 41490 | ||
| 003 | Mx-PuUPA | ||
| 005 | 20240730124921.0 | ||
| 008 | 140415s2000 mx ao gr 000 0 spa d | ||
| 017 | _aM-43934-2000 | ||
| 020 | _a9701856392 | ||
| 040 |
_cMx-PuUPA _aMx-PuUPA _bspa _dMx-PuUPA _erda |
||
| 041 | 0 | _aspa | |
| 100 | 1 |
_aLastra, Enrique, _915488 _eautor |
|
| 245 | 1 | 3 |
_aLa restauración del Ex Convento de Santo Domingo : _bOaxaca / _ccoordinación, Juan Urquiaga ; textos, Enrique Lastra, Manuel Serrano, Verónica Loera y Chávez |
| 264 | 1 |
_aMéxico,D.F. : _bDGE Ediciones : Consejo Nacional para la Cultura y las Artes ; _c2000 |
|
| 300 |
_a226 páginas : _bilustraciones, fotografías (en color) ; _c33 cm |
||
| 336 |
_2rdacontent _atexto _btxt |
||
| 336 |
_2rdaconten _aimagen fija _bsti |
||
| 337 |
_2rdamedia _asin medio _bn |
||
| 338 |
_2rdacarrier _avolumen _bnc |
||
| 610 | 4 | _aConvento de Santo Domingo (Oaxaca) | |
| 650 | 7 |
_2armarc _aConvento de Santo Domingo (Oaxaca) _x |
|
| 650 | 7 |
_2armarc _aConventos de Oaxaca (México) _xEdificios restauración |
|
| 650 | 7 |
_2armarc _aPreservación del patrimonio cultural de México |
|
| 650 | 7 |
_2armarc _aArquitectura religiosa _zMéxico |
|
| 650 | 7 |
_2armarc _aMonasterios _xRemodelación _zOaxaca |
|
| 700 | 1 |
_aUrquiaga, Juan, _ecoordinador |
|
| 700 | 1 |
_aSerrano, Manuel, _eautor |
|
| 700 | 1 |
_aLoera y Chávez, Verónica, _eautor |
|
| 942 |
_2ddc _cLI _h720.286097274 _iL337 |
||
| 999 |
_c41490 _d41490 |
||